000 00978nam a2200265Ia 4500
003 OSt
005 20221005111103.0
006 a|||||r|||| 00| 0
007 ta
008 221004b |||||||| |||| 00| 0 hin d
020 _a9788171197750 (hbk)
_c350
024 _a17639
037 _bSP/3820, 25/03/2015, Star Publications Pvt. Ltd.
_cTextual
040 _aCRL
_cCRL
_bhin
041 _2hin
_ahin
082 _aO152,6N48x, P2
100 _aपचौरी, सुधीश
245 0 _aहिन्दुत्व और उत्तर - आधुनिकता
246 _aHindutva aur uttar - ādhunikatā
260 _aनई दिल्ली
_bराधाकृष्ण भारत
_c2012
300 _a254पृ0
_ccm.
650 _aहिन्दी साहित्य
942 _hO152,6N48x, P2
_cTEXL
_2cc
999 _c1020773
_d1020773